00903cam a2200241 4500001001300000003000400013005001700017008004100034010001700075040001800092050001400110100003000124245015600154260002200310300003900332500004600371500007800417651005100495651003100546651003100577700003600608999001700644ca 28000973 DLC20260227111120.0070627s1926 be 000 0 fre  aca 28000973  aDLCcDLCdDLC00aD287b.S41 aSée, Henri,d1864-1936.12aL'envers de la diplomatie officielle de 1715-1730;bla rivalité commerciale des puissances maritimes et les doléances des négociantes français. aBruxelles?c1926? acover-title, p. [471]-491.c22 cm. aAt head of title: H. Sée et L. Vignols. a"Extrait de la Revue belge de philologie et d'histoire. t. v, fasc. 2-3." 0aEuropexPolitics and governmenty18th century. 0aFrancexCommercexHistory. 0aEuropexCommercexHistory.1 aVignols, Léon,ejoint author. c16450d16450